|
|
|
|
| LEADER |
00000nam a2200000Ii 4500 |
| 001 |
DIGEUDE223 |
| 003 |
NyNyDIG |
| 006 |
m o d |
| 007 |
cr ||||||||||| |
| 008 |
230708s2016 ag a ob 000 0 spa d |
| 035 |
|
|
|a (OCoLC)1390761541
|
| 040 |
|
|
|a DGITA
|b eng
|e rda
|e pn
|c DGITA
|
| 020 |
|
|
|a 9789502346786
|q eBook
|
| 020 |
|
|
|z 9789502324463
|
| 041 |
1 |
|
|a spa
|h eng
|
| 043 |
|
|
|a s-ag---
|
| 050 |
1 |
4 |
|a HC175 ebook
|
| 082 |
0 |
4 |
|a 330.982072
|2 23
|
| 100 |
1 |
|
|a Cohen, Michael A.,
|d 1944-
|e author.
|
| 240 |
1 |
0 |
|a Argentina's economic growth and recovery.
|l Spanish
|s (Armando)
|
| 245 |
1 |
3 |
|a La economía en tiempos de default :
|b recuperación y crecimiento de la Argentina /
|c Michael Cohen ; traducción de Santiago Armando.
|
| 250 |
|
|
|a Primera edición.
|
| 264 |
|
1 |
|a Ciudad de Buenos Aires :
|b Eudeba,
|c [2016]
|
| 300 |
|
|
|a 1 online resource :
|b illustrations.
|
| 336 |
|
|
|a text
|b txt
|2 rdacontent
|
| 337 |
|
|
|a computer
|b c
|2 rdamedia
|
| 338 |
|
|
|a online resource
|b cr
|2 rdacarrier
|
| 347 |
|
|
|a text file
|2 rdaft
|
| 347 |
|
|
|b EPUB
|
| 504 |
|
|
|a Includes bibliographical references.
|
| 588 |
0 |
|
|a Online resource; title from ePub title page (Digitalia, viewed July 8, 2023)
|
| 651 |
|
0 |
|a Argentina
|x Economic conditions
|y 20th century.
|
| 651 |
|
0 |
|a Argentina
|x Economic conditions
|y 21st century.
|
| 651 |
|
0 |
|a Argentina
|x Economic policy.
|
| 650 |
|
0 |
|a Financial crises
|z Argentina.
|
| 700 |
1 |
|
|a Armando, Santiago,
|e translator.
|
| 700 |
1 |
|
|i Translation of:
|a Cohen, Michael A., 1944-
|t Argentina's economic growth and recovery.
|
| 791 |
2 |
|
|a Digitalia (Firm),
|e distributor.
|
| 793 |
0 |
|
|g Digitalia eBook Collection:
|a Eudeba
|
| 776 |
0 |
8 |
|i Print version:
|a Cohen, Michael A., 1944-
|s Argentina's economic growth and recovery. Spanish (Armando).
|t Economía en tiempos de default.
|b Primera edición.dCiudad de Buenos Aires : Eudeba, [2015]
|z 9789502324463
|
| 856 |
4 |
0 |
|3 Digitalia Hispánica
|u https://www.digitaliapublishing.com/a/128404/
|
| 910 |
|
|
|a Premium collection: 2023
|